000 01125nam0a22002651 4500
001 rc\3225519
005 20130115141139.0
021 _aRU
_b[72-50385]
035 _a(NLR Aleph) 007367290
090 _a6370511
_c6370511
100 _a20130115d1972 |||y0rusy50 ca
101 0 _arus
102 _aRU
105 _aa z |||a|
200 1 _aНовый дом
_eРассказы
210 _aЙошкар-Ола
_cМаркнигоиздат
_d1972
215 _a108 с.
_cил.
_d17
327 1 _aСодерж.: Перед разлукой; Двое у моря; Новый год; Свет над березами; Прогулка; Встреча; Новый дом; Непутевый; Весенний ветер
464 0 _12001#$aПеред разлукой$aДвое у моря$aНовый год$aСвет над березами$aПрогулка$aВстреча$aНовый дом$aНепутевый$aВесенний ветер
700 1 _aЯтманов
_bЛ. И.
_gЛев Иванович
801 0 _aRU
_bNLR
_gpsbo
801 1 _aRU
_bELAR
_2rusmarc
852 _aNLR
_j72-2/932
942 _cBOOK
980 _aNB